Hautes-Pyrénées - mort subite - Statistiques

Statistiques générales
  • Ce quiz a été pris 36 fois
  • Le résultat moyen est 9 sur 18
Answers on the Grid
Answers color-coded by a green-red scale on the quiz's grid according to % correct below.
Lourdes
Tarbes
Dos Hermanas
Saint-Jacques-de-Compostelle
Bagnères-de-Bigorre
Lorca
Mijas
Bordères-sur-l'Échez
Soyapango
Mennecy
L'ancien royaume de Navarre
Bimbo
Masaya
Une frontière avec l'Andorre
El Ejido
Aureilhan
Un aéroport international
Lannemezan
Torrent|
Vignemale
Une frontière avec la Catalogne
Une enclave
Capvern
Luz-Ardiden
Orense
Telde
Faya-Largeau
Sartrouville
Séméac
Pic du Midi de Bigorre
Le lieu de naissance de Foch
Parc naturel du Gâtinais
De l'ancien territoire anglais
Saint-Sauveur-sur-École
Gez-ez-Angles
Grotte de Massabielle
 
Statistiques - réponses
Réponse % Correct
Lourdes
100%
Tarbes
95%
Bagnères-de-Bigorre
79%
Bordères-sur-l'Échez
63%
Lannemezan
58%
Pic du Midi de Bigorre
58%
Aureilhan
47%
Station de ski Luz-Ardiden
47%
Séméac
47%
Tarbes Un aéroport international
47%
Le sommet le plus haut de Pyrénées françaises Vignemale
47%
Grotte de Massabielle
42%
Capvern
32%
Deux, dans les Pyrénées-Atlantiques Une enclave
32%
Dans les années 1360 De l'ancien territoire anglais
26%
Gez-ez-Angles
26%
L'ancien royaume de Navarre
26%
Tarbes Le lieu de naissance de Foch
26%
Aucun quiz correspondant
Distribution des résultats
% des personnes avec chaque résultat
Percentile par nombre de réponses
Votre historique - résultats
Vous n’avez pas pris ce quiz